000
00319nam a2200145Ia 4500
100
_a
Luger/George F
650
_a
Artificial Intelligence
942
_c
BK
245
_a
Artificial intelligence
260
_b
Pearson Education
_c
2005
082
_a
006.3/LUG
_b
LUG
300
_a
903
546
_a
ENGLISH
999
_c
27634
_d
27634